|
|
|
|
| LEADER |
00000cas a2200000 a 4500 |
| 001 |
vtls001395232 |
| 003 |
SK-MaSNL |
| 005 |
20260228160139.0 |
| 008 |
000831d19871989xo x 0 0 0slo |
| 035 |
|
|
|a SNK000349580
|
| 040 |
|
|
|a SNK
|b slo
|c SNK
|e AACR2
|
| 041 |
0 |
|
|a slo
|a hun
|
| 044 |
|
|
|a xo
|c SK
|
| 072 |
|
7 |
|a 373.5/.6
|x Stredné školy
|2 konspekt
|
| 080 |
|
|
|a 373.5+377
|2 2011
|
| 080 |
|
|
|a 050
|2 2011
|
| 080 |
|
|
|a (051)
|2 2011
|
| 245 |
0 |
0 |
|a Juventus
|b časopis pre všetkých študentov
|
| 246 |
3 |
1 |
|a Épitészeti Szakközépiskola SZISZ szervezete
|
| 246 |
3 |
3 |
|a Juventus
|b školský časopis
|
| 260 |
|
|
|a Hurbanovo
|b SPŠ stavebná
|c 1987-[1989]
|
| 300 |
|
|
|a [2 zv.]
|c cm
|
| 310 |
|
|
|a Nepravidelne
|
| 362 |
0 |
|
|a 1986/1987-1988/1989
|
| 546 |
|
|
|a Text aj v maďarčine
|
| 650 |
0 |
7 |
|a stredné školy
|2 SNKPH
|9 1279
|
| 655 |
|
7 |
|a časopisy
|2 SNKPH
|9 76610
|
| 910 |
|
|
|a snk
|
| 999 |
|
|
|c 1691
|d 3621
|
| 952 |
|
|
|0 0
|1 0
|4 0
|7 0
|a SNK
|b SNK
|d 2000-08-31
|l 0
|o snkČSB 3817/1988-1989
|p 17A0250809
|r 2005-01-02 00:00:00
|t č. 1-2
|w 2026-02-21
|y PREZ
|
| 952 |
|
|
|0 0
|1 0
|4 0
|7 0
|a SNK
|b SNK
|d 2000-08-31
|l 0
|o snkČSB 3817/1987-1988
|p 17A0250760
|r 2005-01-02 00:00:00
|t č. 1-4
|w 2026-02-21
|y PREZ
|